| 000 | 01727nam a22003017a 4500 | ||
|---|---|---|---|
| 999 |
_c21755 _d21755 |
||
| 003 | AR-CdUCM | ||
| 008 | 190425b ||||| |||| 00| 0 spa d | ||
| 040 |
_aMUNICIPALIDAD PROVINCIAL DEL CUSCO _cBIBLIOTECA MUNICIPAL DEL CUSCO |
||
| 082 | _aRev.Univ/N°101/1951 | ||
| 110 |
_aUniversidad Nacional de San Antonio Abad del Cusco _915942 |
||
| 245 |
_aRevista Universitaria : _bÓrgano de la Universidad del Cuzco / |
||
| 260 |
_aCusco : _bH.G. Rozas, _c1951. |
||
| 300 |
_a366 páginas. : _c20 cm. |
||
| 440 |
_aRevista Universitaria _nAño XL, 2° semestre 1951, N°101. _945979 |
||
| 505 | _aContenido: Medio siglo de educación. Wilber Salas Rodríguez. -- El fondo filosófico del principio de la relatividad. Raúl Vallejos. -- Escenario y caracteres de la Filosofía. M. A. Astete Abril. -- El hombre en la Filosofía. Hugo Flores Ugarte. -- Situación económica de la región del Cuzco. Jorge Cornejo Bouroncle. -- Guía para la recolección de material folklórico. Efraín Morote Best. -- La trepanación del cráneo en el antiguo Perú. Juan B. Lastres. -- Nocturno imperial del Cuzco de piedra. Fidel A. Zárate. -- Perú Histórico. Carlos Núñez Anavitarte. -- Crónica universitaria. Necrología Isidoro Flórez Arestegui. | ||
| 650 |
_aFilosofía _9395 |
||
| 650 |
_aEducación peruana _93585 |
||
| 650 |
_aEconomía del Cusco _945980 |
||
| 650 |
_aTrepanaciones craneanas _945913 |
||
| 650 |
_aFolclore _93233 |
||
| 700 |
_aCornejo Bouroncle, Jorge _915278 |
||
| 700 |
_aMorote Best, Efraín _945981 |
||
| 700 |
_aFlórez Ugarte, Hugo _945982 |
||
| 700 |
_aSalas Rodríguez, Wilbert _95173 |
||
| 710 |
_aUniversidad Nacional de San Antonio Abad del Cusco _915942 |
||
| 942 |
_2ddc _cPP |
||
| 945 | _arac | ||